Arte/ (Record no. 3431)

MARC details
000 -LEADER
campo de control de longitud fija 01361nam a22003497a 4500
003 - IDENTIFICADOR DE NÚMERO DE CONTROL
campo de control OSt
005 - FECHA Y HORA DE LA ÚLTIMA TRANSACCIÓN
campo de control 20230421132658.0
008 - DATOS DE LONGITUD FIJA--INFORMACIÓN GENERAL
campo de control de longitud fija 221006b |||||||| |||| 00| 0 eng d
040 ## - FUENTE DE CATALOGACIÓN
Centro/agencia transcriptor Biblioteca Lado V
082 ## - NÚMERO DE LA CLASIFICACIÓN DECIMAL DEWEY
Número de clasificación 700
Número de ítem S235a
100 ## - ENTRADA PRINCIPAL--NOMBRE DE PERSONA
Término indicativo de función/relación editor
9 (RLIN) 807
Nombre de persona Santiago, Jose Carlos de
245 ## - MENCIÓN DEL TÍTULO
Título Arte/
Resto del título Por excelencias/
260 ## - PUBLICACIÓN, DISTRIBUCIÓN, ETC.
Nombre del editor, distribuidor, etc. Decima Bienal Habana
Fecha de publicación, distribución, etc. 2009
Lugar de publicación, distribución, etc. Cuba
300 ## - DESCRIPCIÓN FÍSICA
Dimensiones 21x28cm
Extensión 64p.
490 ## - MENCIÓN DE SERIE
Mención de serie 1
Designación de volumen o secuencia 2009
505 ## - NOTA DE CONTENIDO CON FORMATO
Nota de contenido con formato Editorial
505 ## - NOTA DE CONTENIDO CON FORMATO
Nota de contenido con formato La alternativa bienal
505 ## - NOTA DE CONTENIDO CON FORMATO
Nota de contenido con formato Arte del Caribe
505 ## - NOTA DE CONTENIDO CON FORMATO
Nota de contenido con formato Voces como ecos
505 ## - NOTA DE CONTENIDO CON FORMATO
Nota de contenido con formato Jose Badia
505 ## - NOTA DE CONTENIDO CON FORMATO
Nota de contenido con formato El libro
Información miscelánea Las Aguas de expansión de Rufo Caballero<br/><br/>Visible e Invisible<br/><br/>Para ver el espíritu<br/><br/>Vanidades y Rizomas<br/><br/>Viajar con Camejo<br/><br/>Nosotros los mas infieles
505 ## - NOTA DE CONTENIDO CON FORMATO
Nota de contenido con formato El Archivero
Información miscelánea Un tico en la Habana<br/><br/>Del arte contemporaneo en Nicaragua <br/><br/>Paraguay Esquivo
505 ## - NOTA DE CONTENIDO CON FORMATO
Nota de contenido con formato Entrevista
Información miscelánea Lourdes Fernandez<br/>
505 ## - NOTA DE CONTENIDO CON FORMATO
Nota de contenido con formato La caricatura
650 ## - PUNTO DE ACCESO ADICIONAL DE MATERIA--TÉRMINO DE MATERIA
Fuente del encabezamiento o término Tesauro de Arte & Arquitectura
Término de materia o nombre geográfico como elemento de entrada ARTE
9 (RLIN) 703
650 ## - PUNTO DE ACCESO ADICIONAL DE MATERIA--TÉRMINO DE MATERIA
Fuente del encabezamiento o término Tesauro de Arte & Arquitectura
Término de materia o nombre geográfico como elemento de entrada CULTURA
650 ## - PUNTO DE ACCESO ADICIONAL DE MATERIA--TÉRMINO DE MATERIA
Fuente del encabezamiento o término Tesauro de Arte & Arquitectura
Término de materia o nombre geográfico como elemento de entrada APRECIACION
650 ## - PUNTO DE ACCESO ADICIONAL DE MATERIA--TÉRMINO DE MATERIA
Fuente del encabezamiento o término Tesauro de Arte & Arquitectura
Término de materia o nombre geográfico como elemento de entrada ARTE CONTEMPORANEO
650 ## - PUNTO DE ACCESO ADICIONAL DE MATERIA--TÉRMINO DE MATERIA
Fuente del encabezamiento o término Tesauro de Arte & Arquitectura
Término de materia o nombre geográfico como elemento de entrada CRITICA
651 ## - PUNTO DE ACCESO ADICIONAL DE MATERIA--NOMBRE GEOGRÁFICO
Fuente del encabezamiento o término Tesauro de Arte & Arquitectura
Nombre geográfico ESPAÑA
942 ## - ELEMENTOS DE ENTRADA SECUNDARIOS (KOHA)
Fuente del sistema de clasificación o colocación Clasificación Decimal Dewey
Tipo de ítem Koha Libros
Parte de la signatura que corresponde a la clasificación (Parte de la clasificación) 700
Parte de la signatura que identifica el ejemplar (Parte del ítem) G146a
Suprimir en OPAC No
Holdings
Estatus retirado Estado de pérdida Fuente del sistema de clasificación o colocación Especificación de materiales (volumen encuadernado u otra parte) Estado de daño No para préstamo Colección Biblioteca de origen Biblioteca actual Fecha de adquisición Enumeración/cronología de publicación seriada Número de inventario Total de préstamos Signatura topográfica completa Código de barras Visto por última vez Precio de reemplazo Tipo de ítem Koha
    Clasificación Decimal Dewey 2009     Revistas Biblioteca LadoV Biblioteca LadoV 21/04/2023 1 003159   700 S235a 003159 21/04/2023 21/04/2023 Libros